[Event "Chigorin Memorial"]
[Site "St Petersburg RUS"]
[Date "2013.10.12"]
[Round "8.83"]
[White "Kantyshev,N"]
[Black "Sadovsky,Artem"]
[Result "1-0"]
[WhiteElo "1979"]
[BlackElo "2263"]

1.c4 c6 2.d4 g6 3.Nc3 Bg7 4.Bg5 d5 5.e3 Nf6 6.Nf3 Ne4 7.Nxe4 dxe4 8.Nd2 f5
9.Be2 O-O 10.O-O h6 11.Bf4 g5 12.Bxb8 Rxb8 13.f3 f4 14.fxe4 fxe3 15.Nb3 Rxf1+
16.Qxf1 Bxd4 17.Nxd4 Qxd4 18.Rd1 Qf6 19.Qxf6 exf6 20.Rd8+ Kf7 21.Bg4 Bxg4
22.Rxb8 Ke6 23.Rxb7 Ke5 24.Rxa7 Kxe4 25.h3 Be2 26.b3 f5 27.Re7+ Kd3 28.a4 Kd2
29.a5 Bd3 30.a6 Be4 31.a7 e2 32.a8=Q e1=Q+ 33.Kh2 Ke2 34.Qxc6 Kf1 35.Qc5 Qd2
36.Qg1+ Ke2 37.Ra7 Qf4+ 38.Kh1 g4 39.Ra2+ Kd3 40.Qd1+ Kc3 41.hxg4 fxg4 42.Qa1+ Kb4
43.Ra4+ Kc5 44.Qg1+ Kc6 45.Ra6+ Kc7 46.Qc5+ Kd7 47.Ra7+ Ke6 48.Qe7+ Kf5 49.Ra5+ Kg6
50.Qe6+ Kg7 51.Ra7+ Kf8 52.Qe7+  1-0

[Event "Bundesliga 2013-14"]
[Site "Berlin GER"]
[Date "2013.10.13"]
[Round "2"]
[White "Von Herman,U"]
[Black "Beikert,G"]
[Result "0-1"]
[WhiteElo "2391"]
[BlackElo "2422"]

1.c4 c6 2.d4 d5 3.cxd5 cxd5 4.Nc3 Nf6 5.Bf4 Nc6 6.e3 Bg4 7.Nf3 Qb6 8.a3 Bxf3
9.gxf3 Nh5 10.Na4 Qd8 11.Bg5 h6 12.Bh4 g5 13.Bg3 Bg7 14.Bd3 Nxg3 15.hxg3 e5
16.dxe5 Nxe5 17.Kf1 d4 18.Bb5+ Kf8 19.exd4 Qd5 20.dxe5 Qxb5+ 21.Kg2 Bxe5
22.Rc1 b6 23.b4 Kg7 24.Nc3 Bxc3 25.Rxc3 Qe5 26.Qc1 Rae8 27.Rc7 Re7 28.Rxe7 Qxe7
29.Re1 Qf6 30.Qc7 a6 31.Rd1 Re8 32.Rd6 Re6 33.Rd8 Rc6 34.Qb8 Rc3 35.Qa8 Rxa3
36.Rg8+ Kh7 37.Rc8 Rc3 38.Qe4+ Kg7 39.Ra8 b5 40.Qb7 Qc6  0-1

[Event "Bundesliga 2013-14"]
[Site "Bremen GER"]
[Date "2013.10.13"]
[Round "2"]
[White "Wegerle,J"]
[Black "Van Delft,M"]
[Result "1/2-1/2"]
[WhiteElo "2438"]
[BlackElo "2425"]

1.c4 c6 2.d4 d5 3.cxd5 cxd5 4.Nc3 Nf6 5.Bf4 Nc6 6.e3 Bg4 7.Be2 Bxe2 8.Qxe2 e6
9.Nf3 Be7 10.O-O O-O 11.Rfc1 Nd7 12.Nd2 Qb6 13.Nb3 Qb4 14.Qd1 Rfc8 15.a3 Qb6
16.Rab1 Qd8 17.Na4 Nf6 18.Nac5 b6 19.Nd3 Qd7 20.Rc2 Nd8 21.Rbc1 Ne8 22.h3 f6
23.Rc3 Rxc3 24.Rxc3 Rc8 25.Qc2 Rxc3 26.Qxc3 Qc6 27.Qxc6 Nxc6 28.Kf1 Kf7 29.Ke2 g5
30.Bg3 Bd6 31.Bxd6 Nxd6 32.Nd2 e5 33.dxe5 fxe5 34.f3 Kf6 35.Nf2  1/2-1/2

[Event "Bundesliga 2013-14"]
[Site "Bremen GER"]
[Date "2013.10.13"]
[Round "2"]
[White "Svane,R"]
[Black "Naumann,Al"]
[Result "1/2-1/2"]
[WhiteElo "2458"]
[BlackElo "2540"]

1.c4 c6 2.Nf3 d5 3.e3 Nf6 4.Nc3 e6 5.b3 Bd6 6.Bb2 O-O 7.Be2 Re8 8.d4 Nbd7
9.O-O b6 10.Qc2 Bb7 11.Rad1 Qe7 12.Rfe1 Rad8 13.Bd3 e5 14.cxd5 cxd5 15.dxe5 Nxe5
16.Nd4 Nxd3 17.Qxd3 g6 18.Nf3 Ne4 19.Qd4 f6 20.Nxd5 Bxh2+ 21.Nxh2 Rxd5 22.Qc4 b5
23.Qc2 Rc5 24.Qd3 Rd5 25.Qc2 Rc5 26.Qd3 Rd5 27.Bd4 f5 28.f3 Nc5 29.Qb1 Red8
30.Nf1 Ne6 31.Ba1 Rxd1 32.Rxd1 Rxd1 33.Qxd1 a6 34.Qc2 Qc7 35.Qb2 Qg7 36.Qc1 Qc7
37.Qb2 Qg7 38.Qc1  1/2-1/2

[Event "Indonesia Open 2013"]
[Site "Jakarta INA"]
[Date "2013.10.13"]
[Round "5.41"]
[White "Dimakiling,O"]
[Black "Sutarno"]
[Result "1-0"]
[WhiteElo "2353"]
[BlackElo "2251"]

1.c4 c6 2.Nf3 Nf6 3.g3 d5 4.Bg2 g6 5.O-O Bg7 6.d4 O-O 7.b3 Be6 8.Nbd2 Qa5
9.Bb2 dxc4 10.Nxc4 Qh5 11.h4 Bd5 12.Re1 Nbd7 13.a4 Rad8 14.Qc2 Be4 15.Qc3 Nd5
16.Qa5 Ra8 17.Ncd2 b6 18.Qa6 N7f6 19.Nxe4 Nxe4 20.Ne5 Bxe5 21.dxe5 Qf5 22.Rf1 Rfd8
23.Qd3 Nc5 24.Qc4 Qe6 25.Kh2 Nc7 26.Qxe6 N7xe6 27.b4 Nb3 28.Ra3 Nbd4 29.e3 Nc2
30.Rb3 a5 31.b5 Nc5 32.Rc3 Nb4 33.bxc6 Rac8 34.Ba3 Rd2 35.Rc4 Nca6 36.Kg1 Ra2
37.Bxb4 axb4 38.Rb1 Rxa4 39.Rd4 Ra5 40.e6 fxe6 41.Rd7 Kf7 42.Rb7 Nc5 43.Rxb4 Nxb7
44.cxb7 Rb8 45.Rxb6 e5 46.Be4 Ra4 47.Bd5+ Kf8 48.e4 Rd4 49.Kg2 Ke8 50.h5 gxh5
51.Rh6 Kd7 52.Rxh5 Rxd5 53.exd5 Kd6 54.Rh6+ Kxd5 55.Rb6 Kc5 56.Rb2 e4 57.g4 Kc4
58.Kg3 e3 59.f4 e5 60.f5 Kd3 61.Kg2 Kc3 62.Rb5 e4 63.Kf1 Kc4 64.Rb1 Kd4 65.Ke2  1-0

[Event "TCh-ISL Div1 2013-14"]
[Site "Reykjavik ISL"]
[Date "2013.10.13"]
[Round "5.1"]
[White "Karlsson,MiJ"]
[Black "Gardarsson,Ho"]
[Result "1-0"]
[WhiteElo "2056"]
[BlackElo "1830"]

1.c4 c6 2.g3 d5 3.Nf3 Nf6 4.Bg2 Nbd7 5.d4 e6 6.O-O Bd6 7.Nc3 O-O 8.b3 b6
9.Bb2 Bb7 10.Nd2 e5 11.cxd5 cxd5 12.Nb5 Bb8 13.dxe5 Bxe5 14.Nd4 Ne4 15.N2f3 Bf6
16.Rc1 Rc8 17.Ba3 Be7 18.Rxc8 Bxc8 19.Nc6 Qc7 20.Nxe7+ Kh8 21.Nxd5 Qd8 22.Bxf8 Qxf8
23.Qd4 Nec5 24.Ne5 Nxe5 25.Qxe5 Bb7 26.Qe7  1-0

[Event "Chigorin Memorial"]
[Site "St Petersburg RUS"]
[Date "2013.10.13"]
[Round "9.22"]
[White "Popov,Val"]
[Black "Akkozov,B"]
[Result "1-0"]
[WhiteElo "2548"]
[BlackElo "2384"]

1.c4 c6 2.d4 d5 3.Nf3 Nf6 4.Nc3 a6 5.c5 g6 6.Bf4 Bg7 7.h3 Bf5 8.Qb3 Qc8 9.Na4 Nbd7
10.Ne5 h5 11.e3 Ra7 12.Be2 Nf8 13.Nb6 Qd8 14.O-O-O h4 15.Bg4 Nxg4 16.hxg4 Be6
17.g5 f6 18.Nd3 Rh5 19.gxf6 Bxf6 20.f3 Kf7 21.g4 hxg3 22.Bxg3 a5 23.Rxh5 gxh5
24.Rh1 Nd7 25.Rxh5 Qg8 26.Bf4 Nxb6 27.cxb6 Ra6 28.Nc5 Qg1+ 29.Qd1 Qxd1+ 30.Kxd1 Rxb6
31.Rh7+ Kg8 32.Rh2 Bf5 33.Bc7 Rb4 34.Bxa5 Rb5 35.Bc3 e5 36.a4 exd4 37.exd4  1-0

[Event "TCh-FIN SM 2013-14"]
[Site "Turku FIN"]
[Date "2013.10.13"]
[Round "4.6"]
[White "Hentunen,A"]
[Black "Tuominen,R"]
[Result "1/2-1/2"]
[WhiteElo "2302"]
[BlackElo "2286"]

1.c4 c6 2.g3 d5 3.Bg2 Nf6 4.Qc2 e5 5.Nf3 Bd6 6.O-O O-O 7.d4 e4 8.Ne1 Be6
9.cxd5 cxd5 10.Bg5 h6 11.Bxf6 Qxf6 12.e3 Rc8 13.Qb3 Nc6 14.Nc3 Na5 15.Qb5 Qd8
16.Qe2 a6 17.f3 f5 18.Bh3 Bb4 19.fxe4 Bxc3 20.exf5 Bxe1 21.fxe6 Bb4 22.Rf7 Qg5
23.Raf1 Rf8 24.R1f5 Qg6 25.e4 Nc6 26.Qe3 dxe4 27.Qxe4 Rxf7 28.exf7+ Kh7 29.Qf4 Qd6
30.d5 Bc5+ 31.Kf1 Qxf4+ 32.gxf4 g6 33.dxc6 gxf5 34.Bxf5+ Kg7 35.c7 b6 36.c8=Q Rxc8
37.Bxc8 Kxf7 38.Ke2 a5 39.Kf3 Kf6 40.Ke4 Bg1 41.h3 Bf2  1/2-1/2

[Event "35th Arco Open 2013"]
[Site "Arco ITA"]
[Date "2013.10.14"]
[Round "3.19"]
[White "Castagna,C"]
[Black "Knors,R"]
[Result "0-1"]
[WhiteElo "1742"]
[BlackElo "2100"]

1.c4 c6 2.Nc3 d5 3.cxd5 cxd5 4.d4 Nf6 5.Bg5 Nc6 6.e3 Qa5 7.Bxf6 exf6 8.a3 Be6
9.b4 Qd8 10.Bd3 Rc8 11.Nge2 Bd6 12.O-O O-O 13.Kh1 Re8 14.Rc1 a5 15.b5 Ne7
16.a4 b6 17.Nf4 Bxf4 18.exf4 Qd6 19.g3 Nf5 20.Bc2 Rxc3 21.Bxf5 Rxc1 22.Qxc1 Bxf5  0-1

[Event "Indonesia Open 2013"]
[Site "Jakarta INA"]
[Date "2013.10.14"]
[Round "7.25"]
[White "Cherniaev,A1"]
[Black "Le Tuan Minh"]
[Result "1-0"]
[WhiteElo "2415"]
[BlackElo "2327"]

1.c4 c6 2.e4 d6 3.d4 Nd7 4.Nc3 e5 5.Nge2 Ngf6 6.g3 g6 7.Bg2 Bg7 8.O-O O-O
9.Rb1 exd4 10.Nxd4 Re8 11.h3 a5 12.Re1 Nc5 13.Bf4 Nh5 14.Be3 Nf6 15.Qc2 a4
16.b4 axb3 17.axb3 Qe7 18.Rbd1 Nfd7 19.f4 Na6 20.Na2 Nac5 21.Bf2 Nf6 22.Nc3 Qf8
23.b4 Na6 24.Qb1 Nh5 25.Na2 Bd7 26.Kh2 Nc7 27.Nc1 Ra4 28.Nd3 Ne6 29.Nc2 Bc3
30.Re2 Rea8 31.e5 d5 32.cxd5 cxd5 33.Bxd5 Bb5 34.Qb3 Bxb4 35.Ncxb4 Rxb4 36.Nxb4 Ba4
37.Qc4 Bxd1 38.Rd2 b5 39.Qc3 Rc8 40.Nc6 Ba4 41.Bxe6  1-0

[Event "Indonesia Open 2013"]
[Site "Jakarta INA"]
[Date "2013.10.16"]
[Round "10.40"]
[White "Manakova,M"]
[Black "Irwanto,S"]
[Result "1-0"]
[WhiteElo "2320"]
[BlackElo "2407"]

1.c4 c6 2.e4 d5 3.exd5 cxd5 4.d4 Nf6 5.Nc3 Nc6 6.Nf3 Bg4 7.cxd5 Nxd5 8.Qb3 Bxf3
9.gxf3 e6 10.Qxb7 Nxd4 11.Bb5+ Nxb5 12.Qc6+ Ke7 13.Qxb5 f6 14.Nxd5+ Qxd5
15.Qxd5 exd5 16.Be3 Ke6 17.O-O-O Bb4 18.a3 Rhc8+ 19.Kb1 Ba5 20.b4 Bc7 21.Rhe1 Be5
22.f4 Bc3 23.Re2 Rc4 24.Bc5+ Kf5 25.Rxd5+ Kxf4 26.Rc2 Ke4 27.Rh5 a5 28.f3+ Kxf3
29.Rh3+ Ke4 30.Rcxc3 Rxc3 31.Rxc3 axb4 32.axb4 g5 33.b5 f5 34.b6 Rb8 35.Bg1 f4
36.Rc7 Kf3 37.b7 Kg2 38.Ba7  1-0

[Event "Indonesia Open 2013"]
[Site "Jakarta INA"]
[Date "2013.10.16"]
[Round "10.6"]
[White "Malakhatko,V"]
[Black "Barbosa,O PHI"]
[Result "1/2-1/2"]
[WhiteElo "2519"]
[BlackElo "2567"]

1.c4 c6 2.Nf3 d5 3.e3 Nf6 4.Nc3 Bg4 5.cxd5 Bxf3 6.Qxf3 cxd5 7.d4 Nc6 8.Bd3 e6
9.O-O Bd6 10.Rd1 O-O 11.Bf1 Rc8 12.Bd2 a6 13.Be1 b5 14.Qe2 Qc7 15.g3 Rfd8
16.Rac1 Qb6 17.a4 b4 18.Nb1 Nb8 19.Nd2 Qa5 20.Rxc8 Rxc8 21.Ra1 Rc6 22.Nb3 Qc7
23.Qd1 h5 24.Rc1 h4 25.Bd3 hxg3 26.hxg3 Kf8 27.Rc2 Nfd7 28.Rxc6 Qxc6 29.a5 g6
30.Qb1 Ke7 31.Qd1  1/2-1/2

[Event "SPICE Cup Open 2013"]
[Site "St Louis USA"]
[Date "2013.10.16"]
[Round "3.3"]
[White "Panjwani,R"]
[Black "Boros,De"]
[Result "1/2-1/2"]
[WhiteElo "2422"]
[BlackElo "2493"]

1.c4 c6 2.e4 d5 3.cxd5 cxd5 4.exd5 Nf6 5.Nc3 Nxd5 6.Nf3 Nc6 7.Bb5 g6 8.Qb3 e6
9.Ne5 Ne7 10.Qa4 Bg7 11.Nxc6 bxc6 12.Bxc6+ Nxc6 13.Qxc6+ Bd7 14.Qc5 Qb6 15.Qxb6 axb6
16.b3 O-O 17.Bb2 Bb5 18.Nd1 Bxb2 19.Nxb2 Ra3 20.d3 Rfa8 21.Kd2 Bc6 22.f3 b5
23.Rhc1  1/2-1/2

[Event "SPICE Cup Open 2013"]
[Site "St Louis USA"]
[Date "2013.10.16"]
[Round "3.14"]
[White "Kiewra,K"]
[Black "Finegold,Spencer"]
[Result "1-0"]
[WhiteElo "2404"]
[BlackElo "2132"]

1.c4 c6 2.e4 e5 3.Nc3 Nf6 4.Nf3 d6 5.d4 Nbd7 6.Be2 Be7 7.h3 O-O 8.Be3 Qc7
9.Qc2 Re8 10.O-O a5 11.Nh2 exd4 12.Bxd4 Ne5 13.f4 Ng6 14.Ng4 Nxg4 15.hxg4 Bf8
16.g3 Bd7 17.Bf3 a4 18.Rad1 Qa5 19.Kg2 Qb4 20.Be2 a3 21.b3 Rac8 22.Qd3 Qa5
23.Rh1 Rcd8 24.Rh5 Qa8 25.Rdh1 h6 26.g5 c5 27.Be3 Bc6 28.Bf3 b6 29.gxh6 gxh6
30.Nd5 Bxd5 31.Rxd5 Qb8 32.Bd2 Qc7 33.Bc3 Qe7 34.Rdh5 Kh7 35.Qd5 Kg8 36.Rxh6 Bxh6
37.Rxh6 Ne5 38.Qd1 Kg7 39.Rh5 f6 40.fxe5 dxe5 41.Qc1 Rh8 42.Rxh8 Rxh8 43.Qxa3 Qd7
44.Qb2 Qh3+ 45.Kf2 Qh2+ 46.Bg2 Rh3 47.Bxe5  1-0

[Event "35th Arco Open 2013"]
[Site "Arco ITA"]
[Date "2013.10.17"]
[Round "6.13"]
[White "Bonagura,S"]
[Black "Astengo,C"]
[Result "1-0"]
[WhiteElo "2183"]
[BlackElo "2064"]

1.c4 c6 2.g3 d5 3.Nf3 Nf6 4.Bg2 Bf5 5.cxd5 cxd5 6.Qb3 Qb6 7.Nc3 Qxb3 8.axb3 Nc6
9.d3 e5 10.O-O Be7 11.Bg5 Be6 12.Nb5 Kd7 13.d4 e4 14.Ne5+ Nxe5 15.dxe5 Ng4
16.Bxe7 Kxe7 17.f4 exf3 18.exf3 Ne3 19.Rfc1 Rhd8 20.Kf2 Nxg2 21.Kxg2 d4 22.Rc7+ Kf8
23.Nd6 Bxb3 24.Ra3 Be6 25.Rd3 f6 26.f4 fxe5 27.fxe5 Rac8 28.Nxc8 Bxc8 29.Rf3+ Kg8
30.Rff7 Be6 31.Rxg7+ Kf8 32.Rxh7 d3 33.Rh8+ Bg8 34.e6 d2 35.Rf7+  1-0

[Event "TCh-Belgrade Premier liga 2013"]
[Site "Belgrade SRB"]
[Date "2013.10.17"]
[Round "6.2"]
[White "Jovic,A"]
[Black "Skare,G"]
[Result "1-0"]
[WhiteElo "2388"]
[BlackElo "2323"]

1.c4 c6 2.Nf3 Nf6 3.e3 d6 4.d4 Nbd7 5.Nc3 e5 6.Qc2 Be7 7.Be2 O-O 8.O-O Re8
9.Rd1 Bf8 10.e4 a5 11.Be3 Ng4 12.Bg5 Qc7 13.h3 Ngf6 14.Rd2 h6 15.Be3 g6 16.Rad1 exd4
17.Bxd4 Nh5 18.Be3 Nc5 19.g4 Nf6 20.Bxc5 dxc5 21.e5 Nd7 22.Ne4 Bg7 23.Nd6 Re7
24.e6 fxe6 25.Qxg6 Nf8 26.Qh5 Bd7 27.Qxc5 Be8 28.Qe3 c5 29.Ne5 b6 30.f4 Rb8
31.Nxe8 Rexe8 32.Rd6 Red8 33.Rc6 Qe7 34.Kg2 Qb7 35.Rxd8 Rxd8 36.Bf3 Qb8 37.a4 Rd4
38.b3 Qd8 39.Be2 Rd6 40.Rxd6 Qxd6 41.Nd3 Bd4 42.Qe4 Bf6 43.g5 Bg7 44.h4 Qc7
45.Bf3 Qd6 46.Bg4 Kf7 47.Bh5+ Kg8 48.Bf3 Kf7 49.f5 hxg5 50.hxg5 exf5 51.Qxf5+ Ke8
52.Nf4 Qe5 53.Qc8+ Ke7 54.Qb7+ Kd8 55.Qxb6+ Qc7 56.Qxc7+ Kxc7 57.Kh3 Kd6
58.Nd3 Bd4 59.Be4 Ne6 60.Kg4 Be3 61.g6 Bh6 62.Bf3 Bg7 63.Bd1 Bh8 64.Kf5 Bg7
65.Nf2 Nd4+ 66.Ke4 Nc6 67.Kf4 Nd4 68.Ne4+ Kc6 69.Ng3 Kd6 70.Nh5 Bh6+ 71.Ke4 Ne6
72.Bg4 Ng7 73.Nf4 Bg5 74.Nd3 Bf6 75.Kf4 Kc6 76.Nf2 Bd4 77.Ne4 Ba1 78.Kg5 Bd4
79.Kh6 Ne8 80.Kh7 Ng7 81.Kg8 Bb2 82.Kf7 Bd4 83.Nf6 Kd6 84.Ne8+ Nxe8 85.Kxe8 Bg7
86.Kf7 Bh6 87.g7 Bxg7 88.Kxg7 Ke5 89.Kf7 Kd4 90.Ke6 Kc3 91.Bd1 Kd2 92.Kd5  1-0

[Event "SPICE Cup Open 2013"]
[Site "St Louis USA"]
[Date "2013.10.18"]
[Round "6.4"]
[White "Panjwani,R"]
[Black "Finegold,B"]
[Result "1/2-1/2"]
[WhiteElo "2422"]
[BlackElo "2482"]

1.c4 c6 2.d4 d5 3.Nf3 Nf6 4.Nc3 dxc4 5.a4 Na6 6.e3 Bg4 7.Bxc4 e6 8.O-O Be7
9.Be2 O-O 10.a5 c5 11.Qa4 cxd4 12.exd4 Nb4  1/2-1/2

[Event "Aurora Fall Open 2013"]
[Site "Aurora CAN"]
[Date "2013.10.19"]
[Round "2.1"]
[White "Noritsyn,N"]
[Black "Nicholson,Matthew"]
[Result "1-0"]
[WhiteElo "2459"]
[BlackElo "2040"]

1.c4 c6 2.e4 d5 3.exd5 cxd5 4.cxd5 Nf6 5.Qa4+ Nbd7 6.Nc3 g6 7.Bc4 Bg7 8.d3 O-O
9.Nf3 a6 10.Qa3 Nb6 11.Qb3 Bg4 12.Ne5 Bf5 13.O-O Qd6 14.Re1 Rad8 15.Bg5 Rfe8
16.Bh4 Nfxd5 17.Nxd5 Nxd5 18.Bg3 b5 19.Nxf7 bxc4 20.dxc4 Qb4 21.Nxd8 Qxb3
22.axb3 Nb4 23.Nb7 Nc2 24.Nd6 Rf8 25.Nxf5 gxf5 26.Kf1 f4 27.Bh4 Rb8 28.Rxa6 Nxe1
29.Kxe1 Bxb2 30.c5 Rxb3 31.Rb6 Bc3+ 32.Ke2 Ra3 33.c6 Be5 34.Bxe7 Rc3 35.Rb5 f3+
36.gxf3 Bxh2 37.Rc5 Rxc5 38.Bxc5 Kf7 39.Ke3 Bc7 40.f4 h5 41.Bd4 Ke7 42.Be5 Bd6
43.Kf3  1-0

[Event "Oscaro Open 2013"]
[Site "Bastia FRA"]
[Date "2013.10.19"]
[Round "6.7"]
[White "Cebalo,M"]
[Black "Svetushkin,D"]
[Result "1-0"]
[WhiteElo "2415"]
[BlackElo "2593"]

1.c4 c6 2.Nc3 d5 3.cxd5 cxd5 4.d4 Nf6 5.Bf4 Nc6 6.e3 Bg4 7.Qb3 Na5 8.Qa4+ Bd7
9.Qc2 Rc8 10.Nf3 e6 11.Ne5 Ne4 12.Nxd7 Qxd7 13.a3 Nc4 14.Nxe4 Nxe3 15.Qxc8+ Qxc8
16.Bb5+ Kd8 17.fxe3 dxe4 18.O-O a6 19.Rac1 Qa8 20.Bc7+ Ke7 21.Bb6 f5 22.Ba4 Kf6
23.d5 e5 24.Bd7 g6 25.Rc8  1-0

[Event "35th Arco Open 2013"]
[Site "Arco ITA"]
[Date "2013.10.20"]
[Round "9.19"]
[White "Hilbenz,G"]
[Black "Cardili,M"]
[Result "1-0"]
[WhiteElo "1909"]
[BlackElo "2127"]

1.c4 c6 2.Nf3 d5 3.Qa4 e6 4.g3 Nf6 5.Bg2 Nbd7 6.d3 Bd6 7.O-O O-O 8.Qc2 e5
9.Nc3 d4 10.Ne4 Nxe4 11.dxe4 c5 12.Bh3 Nb6 13.Bxc8 Nxc8 14.Kg2 Ne7 15.Bg5 f6
16.Bd2 Qd7 17.h3 Rae8 18.g4 Kh8 19.Ne1 Qc6 20.f3 g6 21.Nd3 Rf7 22.Kh1 Ng8
23.Rg1 f5 24.gxf5 gxf5 25.Nf2 fxe4 26.Qxe4 Nf6 27.Qxc6 bxc6 28.Bg5 Nh5 29.Ne4 Be7
30.Rg4 Bxg5 31.Nd6 Rfe7 32.Rxg5 Nf4 33.Nxe8 Rxe8 34.Re1 Nxh3 35.Rh5 Nf4 36.Rh6 e4
37.fxe4 Rxe4 38.Rh4 Rxe2 39.Rxe2 Nxe2 40.Kg2 Nc1 41.Kf3 Nxa2 42.Ke2 Nc1+
43.Kd2 Nb3+ 44.Kc2 Na5 45.Kd3 Kg7 46.Re4 Kf6 47.Re8 h5 48.Ra8 Nb7 49.Rxa7 Nd6
50.Ra6 Kg5 51.Rxc6 Nf5 52.Rxc5 Kg4 53.Re5 h4 54.c5 h3 55.c6  1-0

[Event "TCh-CZE Vychod 2013-14"]
[Site "Czech Rep CZE"]
[Date "2013.10.20"]
[Round "1.2"]
[White "Cerveny,M"]
[Black "Sabol,M"]
[Result "1/2-1/2"]
[WhiteElo "2342"]
[BlackElo "2308"]

1.c4 c6 2.d4 d5 3.e3 e6 4.Nf3 f5 5.Bd3 Nf6 6.O-O Bd6 7.Qc2 O-O 8.b3 Qe7 9.a4 Na6
10.Ba3 Nb4 11.Qe2 a5 12.Ne5 Bxe5 13.dxe5 Nd7 14.f4 Nc5 15.Bxb4 axb4 16.Qc2 b6
17.Nd2 Nxd3 18.Qxd3 Ba6 19.Qe2 Rad8 20.Rfc1 c5 21.Ra2 Qc7 22.h3 d4 23.exd4 Rxd4
24.Nf3 Rxf4 25.Rd2 Bb7 26.Rcd1 Bxf3 27.gxf3 Rd4 28.Rxd4 cxd4 29.Rxd4 Qc5
30.Qf2 Qxe5 31.Rd7 h6 32.f4 Qe4 33.Qg2 Qe3+ 34.Kh1 Rf7 35.Qa8+ Rf8 36.Qg2 Rf7
37.Qa8+ Rf8 38.Qg2  1/2-1/2

[Event "29th ECC Open 2013"]
[Site "Rhodes GRE"]
[Date "2013.10.20"]
[Round "1.5"]
[White "May,Adam J"]
[Black "Lindgren,P"]
[Result "0-1"]
[WhiteElo "1888"]
[BlackElo "2278"]

1.c4 c6 2.g3 d5 3.Nf3 Nf6 4.Bg2 dxc4 5.O-O Nbd7 6.Na3 Nb6 7.Qc2 Be6 8.Ng5 Qd7
9.Nxe6 Qxe6 10.Re1 g6 11.b3 cxb3 12.axb3 Bg7 13.Bb2 O-O 14.Nc4 Nfd5 15.Bxg7 Kxg7
16.e4 Nc7 17.d4 Qd7 18.Qb2 Kg8 19.Rad1 Rad8 20.d5 cxd5 21.Nxb6 axb6 22.exd5 Rfe8
23.h4 Qf5 24.Re5 Qf6 25.Qe2 Kf8 26.Re1 Rd6 27.Qe3 Na6 28.h5 Nc5 29.hxg6 hxg6
30.Qh6+ Kg8 31.Qe3 e6 32.b4 Nd7 33.Qg5 Qd8 34.Qxd8 Rxd8 35.Rg5 e5 36.f4 exf4
37.gxf4 Rf6 38.f5 Rxf5 39.Rxf5 gxf5 40.Rf1 Nf6 41.Rxf5 Rd6 42.Bf3 Nd7 43.Rg5+ Rg6
44.Rxg6+ fxg6 45.Bg4 Nf6 46.d6 Kf7 47.Bf3 Ke6 48.Bxb7 Kxd6 49.Kf2 Nd5 50.b5 Nc3
51.Bc6 Kc5 52.Kg3 Nxb5 53.Be8 g5 54.Kg4 Nd6 55.Bg6 b5 56.Kxg5 b4 57.Kf4 Kd4
58.Kf3 b3 59.Ke2 Kc3 60.Kd1 b2 61.Bb1 Nc4 62.Ba2 Na3 63.Ke2 Kc2 64.Ke3 Nb5
65.Bf7 Kc1 66.Bg6 Na3  0-1

[Event "29th ECC Open 2013"]
[Site "Rhodes GRE"]
[Date "2013.10.20"]
[Round "1.3"]
[White "Laznicka,V"]
[Black "Valli,F"]
[Result "1-0"]
[WhiteElo "2666"]
[BlackElo "2282"]

1.c4 c6 2.Nf3 d5 3.e3 Nf6 4.Nc3 a6 5.b3 Bg4 6.h3 Bh5 7.Bb2 Nbd7 8.g4 Bg6
9.Nh4 e6 10.Nxg6 hxg6 11.Qe2 Qa5 12.Bg2 Ba3 13.Bxa3 Qxa3 14.O-O g5 15.f4 gxf4
16.Rxf4 Qd6 17.Raf1 O-O-O 18.d4 dxc4 19.bxc4 e5 20.c5 Qe6 21.R4f2 exd4 22.exd4 Qxe2
23.Rxe2 g5 24.Rf5 Rhg8 25.Re7 Rde8 26.Rxf7 Re1+ 27.Kh2 Rge8 28.d5 cxd5 29.Nxd5 Nxd5
30.Rxd5 Ne5 31.Rf2 Re3 32.Rf5 Nd3 33.Rxg5 Nf4 34.Rdf5 Ne6 35.Rg6 Rd8 36.Rf2 Nxc5
37.Rc2 Re5 38.h4 Kb8 39.h5 Ne6 40.Rf2 Rh8 41.Rf7 Re2 42.Rxb7+ Kc8 43.Re7  1-0

[Event "Caissa IM Oct 2013"]
[Site "Kecskemet HUN"]
[Date "2013.10.21"]
[Round "3.4"]
[White "Erdelyi,T"]
[Black "Sarosi,Z"]
[Result "1/2-1/2"]
[WhiteElo "2144"]
[BlackElo "2272"]

1.c4 c6 2.Nc3 d5 3.cxd5 cxd5 4.d4 Nf6 5.Nf3 Nc6 6.Bf4 e6 7.e3 Bd6 8.Bxd6 Qxd6
9.Bd3 O-O 10.O-O Bd7 11.Rc1 Rac8 12.Bb1  1/2-1/2

[Event "TCh-Belgrade Premier liga 2013"]
[Site "Belgrade SRB"]
[Date "2013.10.22"]
[Round "11.6"]
[White "Cvetkovic,Sr"]
[Black "Andrejic,V"]
[Result "1/2-1/2"]
[WhiteElo "2360"]
[BlackElo "2210"]

1.c4 c6 2.Nf3 d5 3.b3 Bf5 4.Bb2 e6 5.g3 Nf6 6.Bg2 h6 7.O-O Be7 8.d3 O-O 9.Nbd2 Bh7
10.a3 a5 11.Bc3 c5 12.cxd5 exd5 13.Rc1 Nc6 14.Ne5 Nxe5 15.Bxe5 Rc8 16.e4 d4
17.Bxf6 Bxf6 18.a4 Qd7 19.Nc4 Bd8 20.f4 Bc7 21.Qd2 b6 22.Rce1 Rce8 23.Qd1 f6
24.Qh5 Kh8 25.Bh3 Qc6 26.Bf5 b5 27.axb5 Qxb5 28.Bxh7 Kxh7 29.Rb1 Rb8 30.Qd1 Rb7
31.Qc2 Rfb8 32.Nd2 Qc6 33.Rfc1 Rb5 34.Ra1 Qe6 35.Ra4 Qg4 36.Qd1 Qd7 37.Rac4 Bd6
38.Qh5 Qe8 39.Qxe8 Rxe8 40.Kf2 Reb8 41.Ke2 g5 42.Kf3 Kg6 43.h4 Kf7 44.hxg5 hxg5
45.Rh1 Kg6 46.Kg4 gxf4 47.gxf4 Rg8 48.Kf3 Rbb8 49.Ra4 Bc7 50.Raa1 Rh8 51.Rac1 Bd6
52.Rxh8 Rxh8 53.e5 fxe5 54.Nc4 Bc7 55.Nxe5+ Bxe5 56.fxe5 Kf5 57.Rxc5 Rh3+
58.Ke2 Re3+ 59.Kd2 Rxe5 60.Rc8 Rb5 61.Kc2 Ke5 62.Re8+  1/2-1/2

[Event "29th ECC Open 2013"]
[Site "Rhodes GRE"]
[Date "2013.10.22"]
[Round "3.18"]
[White "Rice,C"]
[Black "Hoffmann,To"]
[Result "0-1"]
[WhiteElo "2033"]
[BlackElo "2090"]

1.c4 c6 2.Nf3 d5 3.b3 Nf6 4.Bb2 e6 5.g3 Be7 6.Bg2 O-O 7.O-O Nbd7 8.e3 b6
9.Qe2 Ba6 10.d3 Qc7 11.Nbd2 Rfe8 12.Rac1 Rad8 13.Rfd1 Bd6 14.e4 dxe4 15.Nxe4 Nxe4
16.Qxe4 c5 17.Ng5 Nf8 18.Qg4 h6 19.Ne4 Ng6 20.Nxd6 Rxd6 21.Be4 e5 22.h4 Bc8
23.Qe2 Qe7 24.Kg2 Nf8 25.Qh5 Nd7 26.Qe2 Nf6 27.Bf3 h5 28.Re1 Ng4 29.Be4 Bb7
30.Rcd1 Nf6 31.Bf3 Bxf3+ 32.Qxf3 Ng4 33.Qe4 Re6 34.Rd2 Nf6 35.Qf5 g6 36.Qg5 Qb7+
37.Kg1 Ng4 38.Rde2 Kh7 39.Bc1 f6 40.Qd2 Qf3 41.Qd1 Rd6 42.Rd2 Qb7 43.Qe2 Red8
44.Red1 Nh6 45.Bb2 Nf5 46.Bc3 Nd4 47.Bxd4 Rxd4 48.Qe3 Qd7 49.f3 Qh3 50.Rg2 Qf5
51.Rgd2 Rg8 52.Rh2 Kg7 53.Rhd2 Kf7 54.Rh2 Rgd8 55.Rhd2 g5 56.hxg5 fxg5 57.Kg2 Kg6
58.Kh2 R8d7 59.Kg2 g4 60.fxg4 Rxg4 61.Rf1 Qg5 62.Qxg5+ Kxg5 63.Re1 e4 64.Re3 h4
65.Kf2 h3 66.Kg1 exd3 67.Rdxd3 Rxd3 68.Rxd3 Rd4  0-1

[Event "US Chess League 2013"]
[Site "chess.com INT"]
[Date "2013.10.23"]
[Round "9"]
[White "Riordan,C"]
[Black "Shmeliov,D"]
[Result "0-1"]
[WhiteElo "2297"]
[BlackElo "2417"]

1.c4 c6 2.d4 d5 3.cxd5 cxd5 4.Bf4 Nc6 5.e3 Nf6 6.Nc3 Bf5 7.Qb3 Na5 8.Qa4+ Bd7
9.Qc2 Rc8 10.Bd3 b5 11.a3 e6 12.Nf3 Nc4 13.O-O a5 14.Qe2 b4 15.axb4 Bxb4
16.Rfc1 O-O 17.Ne5 Nxe5 18.dxe5 Ne8 19.Qg4 f5 20.exf6 Nxf6 21.Qd1 Qe7 22.Be5 Bc6
23.Nb5 Nd7 24.Bg3 Bxb5 25.Rxc8 Rxc8 26.Bxb5 Rc5 27.Bxd7 Qxd7 28.Rc1 Qa4 29.Qf1 Qb3
30.Rxc5 Bxc5 31.Be5 Bxe3 32.Qe2 Bh6 33.h3 Qc4 34.Qh5 Qc6 35.Kh2 Bd2 36.Qg4 Qd7
37.Qd4 Bb4 38.Qb6 h6 39.b3 Qf7 40.Qd4 Qf8 41.Qb6 Qf7 42.Qd4 Be7 43.Qb6 Bf6
44.Bxf6 Qxf6 45.Kg1 Qa1+ 46.Kh2 Qe5+ 47.Kg1 d4 48.Qd8+ Kh7 49.Kf1 Qc5 50.g3 Qc1+
51.Kg2 Qc6+ 52.Kg1 Qc3 53.Qd7 Qe1+ 54.Kg2 Qe4+ 55.Kg1 d3 56.h4 Qe2 57.Qb5 Qe1+
58.Kg2 Qe4+ 59.Kh2 d2  0-1

[Event "US Chess League 2013"]
[Site "chess.com INT"]
[Date "2013.10.23"]
[Round "9"]
[White "Benjamin,Joe"]
[Black "Herman,Ma"]
[Result "0-1"]
[WhiteElo "2547"]
[BlackElo "2377"]

1.c4 c6 2.e4 d5 3.cxd5 cxd5 4.exd5 Nf6 5.Nc3 Nxd5 6.Nf3 Nc6 7.Bb5 e6 8.O-O Be7
9.d4 O-O 10.Re1 Nf6 11.a3 a6 12.Bxc6 bxc6 13.Na4 Nd5 14.Qc2 Bb7 15.Bd2 h6
16.Ne5 Rc8 17.Rac1 Bd6 18.Qb3 Ba8 19.Qd3 c5 20.Nxc5 Bxe5 21.dxe5 a5 22.Ne4 Rxc1
23.Rxc1 Qb8 24.Qd4 Rc8 25.Nd6 Rxc1+ 26.Bxc1 Qb3 27.h3 Qc2 28.Bd2 a4 29.Kh2 Bc6
30.Bc3 Qc1 31.Qd2 Qf1 32.f3 Qb1 33.Ne4 Bb5 34.Bd4 Bf1 35.h4 Bc4 36.h5 Bd3
37.Nd6 Bf1 38.Bf2 Bd3 39.Qa5 Kh7 40.Qd8 Qc1 41.Qe8 Qg5 42.Qxf7 Nf4 43.g3 Nxh5
44.Qxe6 Qd2 45.Kg2 Qe2  0-1

[Event "17th Unive Open 2013"]
[Site "Hoogeveen NED"]
[Date "2013.10.24"]
[Round "7.19"]
[White "Krasenkova,I"]
[Black "Van Foreest,Jorden"]
[Result "0-1"]
[WhiteElo "2133"]
[BlackElo "2310"]

1.c4 c6 2.Nf3 d5 3.e3 Nf6 4.Nc3 g6 5.d4 Bg7 6.h3 O-O 7.Bd3 Bf5 8.Bxf5 gxf5
9.cxd5 Nxd5 10.O-O e6 11.Qb3 Qb6 12.Nxd5 cxd5 13.Qxb6 axb6 14.Bd2 Nc6 15.Rfe1 f4
16.Bc3 fxe3 17.fxe3 b5 18.a3 Ra4 19.Kf1 Rfa8 20.Rab1 h6 21.Re2 b4 22.axb4 Nxb4
23.Ne1 Nc6 24.Nd3 b5 25.Rc1 Rc4 26.Rec2 Ne7 27.b3 Rcc8 28.Bb4 Rxc2 29.Rxc2 Nf5
30.Kf2 h5 31.g4 hxg4 32.hxg4 Nh6 33.Kf3 Ra1 34.Bd6 Rb1 35.b4 Rb3 36.Nc5 Ra3
37.Bf4 Kh7 38.Rh2 Kg6 39.Nd7 Ng8 40.Rh5 Ne7 41.Rg5+ Kh7 42.Be5 Bxe5 43.Nxe5 f6
44.Rh5+ Kg7 45.Nd7 Nc6 46.Nc5 Nxd4+ 47.Kf2 Ra2+ 48.Kf1 Nc2 49.Nxe6+ Kf7 50.Nf4 Nxe3+
51.Ke1 Rb2 52.Nxd5 Nxd5 53.Rxd5 Rxb4 54.Ke2 Kg6 55.Ke3 Rb1 56.Kf4 b4 57.Ke3 b3
58.Kd2 Rg1 59.Kc3 Rxg4 60.Kxb3 Re4 61.Kc3 f5 62.Kd3 Kg5 63.Rd8 Re7 64.Rg8+ Kh4
65.Rg2 f4 66.Re2 Rxe2 67.Kxe2 Kg3 68.Ke1 Kg2 69.Ke2 f3+  0-1